Conceptual Physical Science (Record no. 16439)
[ view plain ]
| 000 -LEADER | |
|---|---|
| fixed length control field | 01348cam a2200421 a 4500 |
| 001 - CONTROL NUMBER | |
| control field | 14989303 |
| 003 - CONTROL NUMBER IDENTIFIER | |
| control field | OSt |
| 005 - DATE AND TIME OF LATEST TRANSACTION | |
| control field | 20140310182823.0 |
| 008 - FIXED-LENGTH DATA ELEMENTS--GENERAL INFORMATION | |
| fixed length control field | 070831s2008 cauab b 001 0 eng |
| 010 ## - LIBRARY OF CONGRESS CONTROL NUMBER | |
| LC control number | 2007036288 |
| 020 ## - INTERNATIONAL STANDARD BOOK NUMBER | |
| International Standard Book Number | 9780321545930 |
| 035 ## - SYSTEM CONTROL NUMBER | |
| System control number | (OCoLC)ocn168721764 |
| 035 ## - SYSTEM CONTROL NUMBER | |
| System control number | (OCoLC)168721764 |
| Canceled/invalid control number | (OCoLC)154782936 |
| 040 ## - CATALOGING SOURCE | |
| Original cataloging agency | DLC |
| Transcribing agency | DLC |
| Modifying agency | YDX |
| -- | BTCTA |
| -- | BAKER |
| -- | YDXCP |
| -- | DLC |
| 050 00 - LIBRARY OF CONGRESS CALL NUMBER | |
| Classification number | Q 158.5 |
| Item number | .H611 2008 |
| 100 1# - MAIN ENTRY--PERSONAL NAME | |
| Personal name | Hewitt, Paul G. |
| 245 10 - TITLE STATEMENT | |
| Title | Conceptual Physical Science |
| Statement of responsibility, etc | Hewitt, Paul G. |
| 250 ## - EDITION STATEMENT | |
| Edition statement | 2nd |
| 260 ## - PUBLICATION, DISTRIBUTION, ETC. (IMPRINT) | |
| Place of publication, distribution, etc | America |
| Name of publisher, distributor, etc | Addison Wesley Longman Inc. |
| Date of publication, distribution, etc | c2000 |
| 300 ## - PHYSICAL DESCRIPTION | |
| Extent | 781 p. : |
| Dimensions | 25 cm. |
| Other physical details | col. ill. ; |
| 504 ## - BIBLIOGRAPHY, ETC. NOTE | |
| Bibliography, etc | Includes bibliographical references and index. |
| 526 ## - STUDY PROGRAM INFORMATION NOTE | |
| Reading level | 1210L -1700L |
| 562 ## - COPY AND VERSION IDENTIFICATION NOTE | |
| Number of copies | for circulation. 6 copies available in the collection |
| 650 #0 - SUBJECT ADDED ENTRY--TOPICAL TERM | |
| Topical term or geographic name as entry element | Physical sciences. |
| 700 1# - ADDED ENTRY--PERSONAL NAME | |
| Personal name | Suchocki, John. |
| 700 1# - ADDED ENTRY--PERSONAL NAME | |
| Personal name | Hewitt, Leslie A. |
| 856 41 - ELECTRONIC LOCATION AND ACCESS | |
| Materials specified | Table of contents only |
| Uniform Resource Identifier | <a href="http://www.loc.gov/catdir/toc/ecip0726/2007036288.html">http://www.loc.gov/catdir/toc/ecip0726/2007036288.html</a> |
| 906 ## - LOCAL DATA ELEMENT F, LDF (RLIN) | |
| a | 7 |
| b | cbc |
| c | orignew |
| d | 1 |
| e | ecip |
| f | 20 |
| g | y-gencatlg |
| 942 ## - ADDED ENTRY ELEMENTS (KOHA) | |
| Source of classification or shelving scheme | Library of Congress Classification |
| Koha item type | Books |
| Call number prefix | Foreign |
| Withdrawn status | Lost status | Source of classification or shelving scheme | Damaged status | Home library | Current library | Shelving location | Date acquired | Source of acquisition | Total Checkouts | Full call number | Barcode | Date last seen | Copy number | Price effective from | Koha item type | Date checked out |
|---|---|---|---|---|---|---|---|---|---|---|---|---|---|---|---|---|
| Library of Congress Classification | Archives | Archives | 05/18/2013 | Donation | Q158.5 .H611 2000 | C1223 | 05/15/2018 | 1 | 05/18/2013 | Books | ||||||
| Library of Congress Classification | Archives | Archives | 05/18/2013 | Donation | Q158.5 .H611 2000 | C4497 | 05/15/2018 | 3 | 05/18/2013 | Books | ||||||
| Library of Congress Classification | Archives | Archives | 05/18/2013 | Donation | 2 | Q158.5 .H611 2000 | C4500 | 05/15/2018 | 5 | 05/18/2013 | Books | 03/12/2018 | ||||
| Library of Congress Classification | Archives | Archives | 05/18/2013 | Donation | Q158.5 .H611 2000 | C4501 | 05/15/2018 | 6 | 05/18/2013 | Books | ||||||
| Library of Congress Classification | College Library | College Library | General Circulation Section | 05/18/2013 | Q158.5 .H611 2000 | C4499 | 05/15/2018 | 2 | 05/18/2013 | Books | ||||||
| Library of Congress Classification | College Library | College Library | General Circulation Section | 05/18/2013 | Q158.5 .H611 2000 | C4498 | 05/15/2018 | 4 | 05/18/2013 | Books | ||||||
| Library of Congress Classification | College Library | College Library | General Circulation Section | 09/28/2011 | 1 | Q 158.5 .H611 2008 | C13601 | 05/15/2018 | 03/10/2014 | Books | 12/03/2014 |